| 000 | 00692nam a2200217Ia 4500 | ||
|---|---|---|---|
| 005 | 20240921094556.0 | ||
| 008 | 210716s1995 xx 000 0 und d | ||
| 020 | _a81856231058 | ||
| 040 | _cAIMIT LIBRARY | ||
| 041 | _aeng | ||
| 082 |
_a005.13311 _21 _bLAFR |
||
| 100 |
_aLafore, Robert. _9179720 |
||
| 245 |
_aObject oriented programming in microsoft c++ / _cBy Robert Lafore. |
||
| 250 | _a1st ed. | ||
| 260 |
_aNew Delhi : _bGalgotia Publications Pvt Ltd ; _c1995. |
||
| 300 |
_axxv,756p. ; _bPB _c23 cm. |
||
| 650 |
_aC++ programming basics _9179721 |
||
| 650 |
_aObjects and classes _9179722 |
||
| 650 |
_aOperator overloading _9179723 |
||
| 942 |
_2ddc _cBK _e1st ed. _k005.13311 LAFR |
||
| 999 |
_c184274 _d184274 |
||